00497nam a2200169 a 4500008004100000020001500041050001700056100001700073245008700090260005100177300002300228350000900251650001200260650001700272650002100289700001700310080214s1998 ||||||||||||||||| || u a0137125151 aQA 152.2 Wil aWells, David10aAgebra and trigonometry: a view of the world around us. cDavid Wells; Lynn Tilson aUpper Saddle River, N. J.bPrentice Hallc1998 axviii, 316p.: ill. a0.00 0aALGEBRA 0aTRIGONOMETRY 0aALGEBRAS, LINEAR aTilson, Lynn